|
|
|
|
| LEADER |
00777nab#a2200301#ar4500 |
| 001 |
000053113 |
| 003 |
SVKKK |
| 005 |
20050616103725.0 |
| 008 |
050616c2004 xo e slo |
| FMT |
|
|
|
| 038 |
|
|
|a SVKKK
|
| 040 |
|
|
|a SVKKK
|b slo
|e AACR2
|
| 041 |
0 |
|
|a slo
|b eng
|
| 044 |
|
|
|a xo
|c SK
|
| 080 |
|
|
|a 502.4:58.03
|2 1997
|
| 100 |
1 |
|
|a Cimbala, Roman
|4 aut
|
| 245 |
1 |
0 |
|a Energetika a životné prostredie =
|b Energetic and environmet
|c Roman Cimbala
|
| 300 |
|
|
|b Obr., tab.
|
| 504 |
|
|
|a Bibliogr. odkazy
|
| 650 |
0 |
4 |
|a prostredie životné
|x energetika
|x vplyvy negatívne
|
| 773 |
0 |
|
|t Životné prostredie
|x 0044-4863
|g Roč. 38, č. 6 (2004), s. 314-319
|
| 958 |
|
|
|a NB
|
| 974 |
|
|
|a MI
|
| 992 |
|
|
|a RBX
|
| BAS |
|
|
|
| 852 |
|
|
|a SVKKK
|b BIB
|
| EXP |
|
|
|
| 998 |
|
|
|a SLO
|